Statistiken für Manche Nicht-Singvögel in der Vogelführer App

Klicken Sie hier um das Quiz zu spielen!

Allgemein

  • Dieses Quiz wurde 100 mal gespielt
  • Das Durchschnittsergebnis liegt bei 97 aus 223

Antwortstatistiken

HintAntwort% Korrekt
GansGraugans
88%
SchwanHöckerschwan
88%
EnteStockente
88%
SchwanSingschwan
85%
TölpelBasstölpel
75%
GreifvogelMäusebussard
75%
GreifvogelSteinadler
71%
FalkeTurmfalke
71%
FalkeWanderfalke
71%
SchwanZwergschwan
71%
SägerGänsesäger
69%
LappentaucherHaubentaucher
69%
GansKanadagans
69%
EnteReiherente
69%
EnteEiderente
68%
Schreitvögel & FlamingosGraureiher
68%
GansSaatgans
68%
EnteTafelente
68%
SägerZwergsäger
68%
HuhnAuerhuhn
66%
HuhnBirkhuhn
66%
GansBlässgans
66%
GreifvogelHabicht
66%
Pelikane & KormoraneKormoran
66%
EnteKrickente
66%
SägerMittelsäger
66%
GansNilgans
66%
GreifvogelSperber
66%
GreifvogelWespenbussard
66%
KranichKranich
64%
GreifvogelSeeadler
64%
EnteBergente
63%
RalleBlässhuhn
63%
Schreitvögel & FlamingosRosaflamingo
63%
LappentaucherZwergtaucher
63%
EnteEisente
59%
GreifvogelFischadler
59%
EnteKnäkente
59%
SeetaucherPrachttaucher
59%
GreifvogelRaufussbussard
59%
Schreitvögel & FlamingosRohrdommel
59%
LappentaucherRothalstaucher
59%
GreifvogelRotmilan
59%
EnteSamtente
59%
EnteSchnatterente
59%
SeetaucherSterntaucher
59%
HuhnWachtel
59%
Schreitvögel & FlamingosZwergdommel
59%
GansZwerggans
59%
FalkeBaumfalke
58%
GansBrandgans
58%
HuhnHaselhuhn
58%
EnteMandarinente
58%
GansRothalsgans
58%
GreifvogelSchwarzmilan
58%
Schreitvögel & FlamingosSchwarzstorch
58%
Schreitvögel & FlamingosSeidenreiher
58%
Schreitvögel & FlamingosSilberreiher
58%
RalleTeichhuhn
58%
Schreitvögel & FlamingosWeißstorch
58%
GansRostgans
56%
HuhnRothuhn
56%
GreifvogelSchreiadler
56%
LappentaucherSchwarzhalstaucher
56%
GansWeißwangengans
56%
GreifvogelAdlerbussard
54%
GreifvogelBartgeier
54%
SeetaucherEistaucher
54%
GreifvogelGänsegeier
54%
GreifvogelKornweihe
54%
HuhnRebhuhn
54%
GreifvogelRohrweihe
54%
EnteSpießente
54%
GreifvogelWiesenweihe
54%
Pelikane & KormoraneKrähenscharbe
53%
GansKurzschnabelgans
53%
Schreitvögel & FlamingosNachtreiher
53%
LappentaucherOhrentaucher
53%
Schreitvögel & FlamingosPurpurreiher
53%
FalkeRötelfalke
53%
HuhnSteinhuhn
53%
EnteTrauerente
53%
HuhnAlpenschneehuhn
51%
EnteLöffelente
51%
FalkeMerlin
51%
Pelikane & KormoraneRosapelikan
51%
Pelikane & KormoraneZwergscharbe
51%
SeetaucherGelbschnabeltaucher
49%
EntePfeifente
49%
EnteSchellente
49%
GansSchneegans
49%
RalleTüpfelsumpfhuhn
49%
RalleWasserralle
49%
RöhrennaseEissturmvogel
47%
RalleKleines Sumpfhuhn
47%
EnteKolbenente
47%
Pelikane & KormoraneKrauskopfpelikan
47%
Schreitvögel & FlamingosLöffler
47%
GreifvogelMönchsgeier
47%
GansRingelgans
47%
FalkeRotfussfalke
47%
GreifvogelSchelladler
47%
RöhrennaseWellenläufer
47%
SägerKappensäger
46%
GreifvogelSteppenweihe
46%
RalleWachtelkönig
46%
GreifvogelZwergadler
46%
Schreitvögel & FlamingosZwergflamingo
46%
RalleZwergsumpfhuhn
46%
FalkeGerfalke
44%
GreifvogelKaiseradler
44%
EnteKleine Bergente
44%
EntePrachteiderente
44%
GreifvogelSchlangenadler
44%
GreifvogelSchmutzgeier
44%
GansStreifengans
44%
Schreitvögel & FlamingosChileflamingo
42%
EnteMoorente
42%
Schreitvögel & FlamingosRallenreiher
42%
EnteBrautente
41%
HuhnChukarhuhn
41%
GreifvogelFalkenbussard
41%
HuhnJagdfasan
41%
KranichKanadakranich
41%
Schreitvögel & FlamingosKuhreiher
41%
FalkeLannerfalke
41%
EnteRingschnabelente
41%
GansZwergkanadagans
41%
RöhrennaseDunkler Sturmtaucher
39%
GreifvogelGleitaar
39%
GreifvogelKurzfangsperber
39%
EnteMarmelente
39%
EnteRiesentafelente
39%
GreifvogelSteppenadler
39%
RöhrennaseSturmschwalbe
39%
LappentaucherBindentaucher
37%
EnteHöckersamtente
37%
KranichJungfernkranich
37%
HuhnMoorschneehuhn
37%
EnteScheckente
37%
GreifvogelSchopfwespenbussard
37%
Schreitvögel & FlamingosSichler
37%
EnteCarolinakrickente
36%
FalkeEleonorenfalke
36%
RöhrennaseAtlantiksturmtaucher
34%
HuhnFelsenhuhn
34%
GreifvogelHabichtsadler
34%
SeetaucherPazifiktaucher
34%
RallePurpurhuhn
34%
EnteRotkopfente
34%
KranichSchneekranich
34%
HuhnSchottisches Moorschneehuhn
34%
EnteSchwarzkopf-Ruderente
34%
GreifvogelSpanischer Kaiseradler
34%
EnteSpatelente
34%
EnteWeißkopf-Ruderente
34%
Schreitvögel & FlamingosKüstenreiher
32%
GreifvogelOhrengeier
32%
RöhrennaseBalearensturmtaucher
31%
EnteBlauflügelente
31%
EnteDunkelente
31%
RalleKammblässhuhn
31%
RöhrennaseMadeirawellenläufer
31%
RöhrennaseMittelmeer-Sturmtaucher
31%
EnteBrillenente
29%
HuhnGoldfasan
29%
GreifvogelGraubürzel-Singhabicht
29%
HuhnLaufhühnchen
29%
EntePazifiktrauerente
29%
Schreitvögel & FlamingosWaldrapp
29%
Schreitvögel & FlamingosHeiliger Ibis
27%
TölpelWeißbauchtölpel
27%
EnteGluckente
25%
Schreitvögel & FlamingosGoliathreiher
25%
RöhrennaseGroßer Sturmtaucher
25%
HuhnKaukasusbirkhuhn
25%
EnteKragenente
25%
Schreitvögel & FlamingosNimmersatt
25%
GreifvogelSperbergeier
25%
RalleAmerikanisches Blässhuhn
24%
FalkeBuntfalke
24%
RöhrennaseBuntfuß-Sturmschwalbe
24%
GreifvogelKaffernadler
24%
TölpelMaskentölpel
24%
EntePlüschkopfente
24%
FalkeSchieferfalke
24%
RöhrennaseSchwarzbrauenalbatros
24%
RöhrennaseSepiasturmtaucher
24%
FalkeWüstenfalke
24%
EnteKanadapfeifente
22%
RöhrennaseKleiner Sturmtaucher
22%
Schreitvögel & FlamingosMittelreiher
22%
Pelikane & KormoraneRötelpelikan
22%
HuhnArabisches Wüstenhuhn
20%
RalleBronzesultanshuhn
20%
HuhnDiamantfasan
20%
HuhnHalsbandfrankolin
20%
HuhnKaspikönigshuhn
20%
HuhnKaukasuskönigshuhn
20%
HuhnPersisches Wüstenhuhn
20%
FalkeAmurfalke
19%
EnteFahlente
19%
GreifvogelGaukler
19%
Schreitvögel & FlamingosMangrovenreiher
19%
Schreitvögel & FlamingosNordamerikanische Rohrdommel
19%
RöhrennaseSwinhoewellenläufer
19%
RalleZwergsultanshuhn
19%
RalleCarolinasumpfhuhn
17%
HuhnDoppelspornfrankolin
17%
GreifvogelSavannenadler
17%
EnteSichelente
17%
EnteBüffelkopfente
15%
RöhrennaseMadeirasturmvogel
15%
Schreitvögel & FlamingosAfrikanischer Löffler
14%
GreifvogelBindenseeadler
14%
RöhrennaseBulwersturmvogel
14%
HuhnHelmperlhuhn
14%
RöhrennaseKapverdensturmvogel
14%
TölpelRotschnabel-Tropikvogel
12%
HuhnSchopfwachtel
12%
RöhrennaseWeißgesicht-Sturmschwalbe
12%
Schreitvögel & FlamingosSchmuckreiher
10%
Pelikane & KormoranePrachtfregattvogel
5%

Verteilung der Resultate

Perzentil nach korrekt beantworteten Fragen

Anzahl Personen mit jedem Resultat

Ihre Resultats-Entwicklung

Sie haben dieses Quiz noch nicht gespielt